Statistic for Business and Economics (Record no. 11821)

MARC details
000 -LEADER
fixed length control field 00528nam a22002057a 4500
003 - CONTROL NUMBER IDENTIFIER
control field OSt
008 - FIXED-LENGTH DATA ELEMENTS--GENERAL INFORMATION
fixed length control field 230131b ||||| |||| 00| 0 eng d
020 ## - INTERNATIONAL STANDARD BOOK NUMBER
International Standard Book Number 9789355730909
082 ## - DEWEY DECIMAL CLASSIFICATION NUMBER
Classification number 519.5 SWS
100 ## - MAIN ENTRY--PERSONAL NAME
Personal name ANDERSON,David R
245 ## - TITLE STATEMENT
Title Statistic for Business and Economics
250 ## - EDITION STATEMENT
Edition statement 13th Ed
260 ## - PUBLICATION, DISTRIBUTION, ETC. (IMPRINT)
Place of publication, distribution, etc New Delhi
Name of publisher, distributor, etc Cengage
Date of publication, distribution, etc 2022
300 ## - PHYSICAL DESCRIPTION
Extent 1092
650 ## - SUBJECT ADDED ENTRY--TOPICAL TERM
Topical term or geographic name as entry element Statistic for Business and Economics
700 ## - ADDED ENTRY--PERSONAL NAME
Personal name WILLIAMS,Thomas A
700 ## - ADDED ENTRY--PERSONAL NAME
Personal name CAMN,Jeffrey D
700 ## - ADDED ENTRY--PERSONAL NAME
Personal name SWEENEY,Dennis J
942 ## - ADDED ENTRY ELEMENTS (KOHA)
Source of classification or shelving scheme Dewey Decimal Classification
Koha item type Reference Books
Holdings
Withdrawn status Lost status Source of classification or shelving scheme Damaged status Not for loan Collection code Home library Current library Date acquired Source of acquisition Currency Cost, normal purchase price Bill Number Total Checkouts Full call number Acc. no. / Barcode Date last seen Actual Cost, discounted price Bill Date Koha item type
    Dewey Decimal Classification     MBA PIET C-LIBRARY PIET C-LIBRARY 28/12/2022 International Book Centre IN Rupees 1199.00 IB/IN/927   519.5 SWS 34493 31/01/2023 839.30 28/12/2022 Text Books
    Dewey Decimal Classification     MBA PIET C-LIBRARY PIET C-LIBRARY 15/04/2023 International Book Centre IN RUPEES 875.00 IB/IN/1299   519.5 SWS 34773 03/04/2023 612.50 15/03/2023 Reference Books

Design & Developed by: PIET Central Library
R70 Miles Stone Pattikalyana Samalkha Panipat 132102
mail ID :- [email protected], Phone No:- 0180-2569700 Ex.216